La Llei d'Educació des del món local : Llei 12/2009, de 10 de juliol, d'educació, publicada en el DOGC de 16.7.09 / Ramon Plandiura Vilacís Llei 12/2009, de 10 de juliol, d'educació, publicada en el DOGC de 16.7.09 / Ramon Plandiura Vilacís
Descripción Física:
48 p. ; 29 cm
MARC
| LEADER | 00000nam a2200000Ia 4500 | ||
|---|---|---|---|
| 001 | 23160 | ||
| 008 | 160829s2009 xx 000 0 cat d | ||
| 080 | |a FU-58-35 | ||
| 100 | |a Plandiura Vilacís, Ramon |9 45005 | ||
| 245 | |a La Llei d'Educació des del món local : |b Llei 12/2009, de 10 de juliol, d'educació, publicada en el DOGC de 16.7.09 / Ramon Plandiura Vilacís | ||
| 260 | |a Barcelona : |b Diputació de Barcelona. Àrea d'Educació, |c 2009 | ||
| 300 | |a 48 p. ; |c 29 cm | ||
| 650 | |a Ensenyament |x Dret i legislació |x Catalunya |9 45396 | ||
| 650 | 0 | |a Administració local |x Dret i legislació |z Catalunya |9 37894 | |
| 710 | |a Barcelona (Catalunya : Província). |b Àrea d'Educació |9 8009 | ||
| 901 | |a Arxiu | ||
| 942 | |n 1 | ||
| 952 | |0 0 |1 0 |4 0 |6 FU5835 |7 1 |9 52312 |a Arxiu |b Arxiu |d 2016-12-01 |l 0 |o FU-58-35 |p 23160 |r 2016-12-01 00:00:00 |w 2016-12-01 |y ARXIU | ||
| 999 | |c 56160 |d 56160 | ||